00313nam a2200121Ia 4500008004100000041000800041082001500049100001700064245004100081260002700122300003100149365001100180240624s9999 xx 000 0 und d aeng a153.42 COH aCOHEN MARTIN aCRITICAL THINKING SKILLS FOR DUMMIES c2015aNew DelhibWiley axiv, : 356 : p. : cm. ; 21 cRSb33